Enhancing the performance of the services sector
Na minha lista:
| Formato: | Livro |
|---|---|
| Idioma: | inglês |
| Publicado em: |
Paris
OECD
2005
|
| Assuntos: | |
| Tags: |
Sem tags, seja o primeiro a adicionar uma tag!
|
MARC
| LEADER | 00000nam$a2200000$$$4500 | ||
|---|---|---|---|
| 001 | 0035782 | ||
| 005 | 20240104134135.7 | ||
| 020 | |a 92-64-01029-7 | ||
| 041 | 0 | |a eng | |
| 044 | |a FR | ||
| 245 | 1 | 0 | |a Enhancing the performance of the services sector |
| 264 | 1 | |a Paris |b OECD |c 2005 | |
| 300 | |a 269 s. | ||
| 610 | 2 | 0 | |a služby |
| 610 | 2 | 0 | |a sektor terciárny |
| 610 | 2 | 0 | |a politika štruktúrna |
| 610 | 2 | 0 | |a služby obchodné |
| 610 | 2 | 0 | |a služby dopravné |
| 610 | 2 | 0 | |a technológie informačné |
| 610 | 2 | 0 | |a investície |
| 610 | 2 | 0 | |a technológie komunikačné |
| 610 | 2 | 0 | |a politika verejná |